वलय (Record no. 320997)

MARC details
000 -LEADER
fixed length control field 00456nam a2200169Ia 4500
008 - FIXED-LENGTH DATA ELEMENTS--GENERAL INFORMATION
fixed length control field 090711s9999 xx 000 0 und d
082 ## - DEWEY DECIMAL CLASSIFICATION NUMBER
Item number 79867
100 ## - MAIN ENTRY--PERSONAL NAME
Personal name काळे व. पु.
245 ## - TITLE STATEMENT
Title वलय
260 ## - PUBLICATION, DISTRIBUTION, ETC. (IMPRINT)
Name of publisher, distributor, etc महेता पब्लिकेशन हाऊस
Date of publication, distribution, etc 1996
300 ## - PHYSICAL DESCRIPTION
Extent 168
600 ## - SUBJECT ADDED ENTRY--PERSONAL NAME
Personal name काळे व. पु.
630 ## - SUBJECT ADDED ENTRY--UNIFORM TITLE
Uniform title वलय
700 ## - ADDED ENTRY--PERSONAL NAME
Personal name काळे व. पु.
730 ## - ADDED ENTRY--UNIFORM TITLE
Uniform title वलय
942 ## - ADDED ENTRY ELEMENTS (KOHA)
Koha item type Book
Holdings
Withdrawn status Lost status Damaged status Not for loan Home library Current library Date acquired Cost, normal purchase price Total Checkouts Full call number Barcode Date last seen Cost, replacement price Price effective from Koha item type
        Dadar Sarvajanik Vachanalaya, Dardar Dadar Sarvajanik Vachanalaya, Dardar 02/06/1997 80.00   79867 DASAVA-79867 07/11/2009 80.00 07/11/2009 Book